| 000 | 00824nam a2200241 a 4500 | ||
|---|---|---|---|
| 001 | 49894 | ||
| 003 | BD-RjUL | ||
| 005 | 20211209075428.0 | ||
| 008 | 160823s1967 nyua b 000 0 eng | ||
| 035 | _a(BD-RjUL)50014 | ||
| 040 |
_aBD-RjUL _cDLC _dBD-RjUL _beng |
||
| 041 | _aeng | ||
| 082 |
_a375.6137 _223 _bVOO 1967 |
||
| 100 | 1 |
_aVoltmer, Edward Frank. _9143183 |
|
| 245 | 1 | 4 |
_aThe organization and administration of physical education / _c[by] Edward F. Voltmer [and] Arthur A. Esslinger. |
| 250 | _a4th ed. | ||
| 260 |
_aNew York : _bAppleton-Century-Crofts, _c[1967] |
||
| 300 |
_axi, 570 p. : _bill. ; _c24 cm. |
||
| 504 | _aIncludes bibliographies and Index | ||
| 650 | 0 |
_aPhysical education and training _xAdministration. _9149056 |
|
| 700 | 1 |
_aEsslinger, Arthur Albert, _ejoint author. _9143185 |
|
| 942 |
_2ddc _cBK |
||
| 999 |
_c49894 _d49894 |
||